Statistics for Fast Typing- Borussia Monchengladbach×2

Click here to take the quiz!

General Stats

  • This quiz has been taken 34 times
  • The average score is 35 of 46

Answer Stats

Answer% Correct
B
100%
O
100%
R
96%
U
96%
A
91%
I
91%
M
91%
O
91%
S
91%
S
91%
C
87%
E
87%
H
87%
N
87%
N
83%
A
78%
A
78%
B
78%
C
78%
D
78%
G
78%
H
78%
L
78%
A
74%
B
74%
C
74%
I
74%
M
74%
N
74%
O
74%
O
74%
R
74%
S
74%
S
74%
U
74%
E
70%
H
70%
G
65%
N
65%
L
61%
A
57%
A
57%
B
57%
D
57%
C
52%
H
52%

Score Distribution

Percentile by Number Answered

Percent of People with Each Score

Your Score History

You have not taken this quiz